Marriage insurance. (Record no. 17848)

000 -LEADER
fixed length control field 00443nam a22001697a 4500
003 - CONTROL NUMBER IDENTIFIER
control field OkBaRHE
005 - DATE AND TIME OF LATEST TRANSACTION
control field 20120112130748.0
008 - FIXED-LENGTH DATA ELEMENTS--GENERAL INFORMATION
fixed length control field 110517t xxu||||| |||| 00| 0 eng d
040 ## - CATALOGING SOURCE
Transcribing agency
050 ## - LIBRARY OF CONGRESS CALL NUMBER
Classification number HQ 744
Item number .W37 M3
100 ## - MAIN ENTRY--PERSONAL NAME
Personal name Ward, C. M.
9 (RLIN) 1117
245 ## - TITLE STATEMENT
Title Marriage insurance.
260 ## - PUBLICATION, DISTRIBUTION, ETC. (IMPRINT)
Place of publication, distribution, etc Springfield, MO
Name of publisher, distributor, etc Assemblies of God
Date of publication, distribution, etc 1955.
300 ## - PHYSICAL DESCRIPTION
Extent 32 p.
Dimensions 16 cm.
650 ## - SUBJECT ADDED ENTRY--TOPICAL TERM
Topical term or geographic name as entry element Sermons
General subdivision Marriage
-- Parenting.
9 (RLIN) 1207
942 ## - ADDED ENTRY ELEMENTS (KOHA)
Source of classification or shelving scheme
Koha item type Books
Copies
Lost status Source of classification or shelving scheme Date last seen Current Location Not for loan Barcode Price effective from Date acquired Full call number Withdrawn status Permanent Location Damaged status Copy number Shelving location Koha item type
  2011-05-17RHEMA Bible Training College 219982011-05-172011-05-17HQ 744 .W37 M3 RHEMA Bible Training College 1General StacksBooks